[Event "Muensterland op 40th"]
[Site "Muenster"]
[Date "2023.10.01"]
[Round "3"]
[White "Barskij, Alexander"]
[Black "Korchynskyi, Mykola"]
[Result "0-1"]
[WhiteElo "1822"]
[BlackElo "2153"]
[PlyCount "98"]
[EventDate "2023.09.30"]
[EventType "swiss"]
[EventRounds "9"]
[EventCountry "GER"]
[SourceTitle "CBM 216 Extra"]
[Source "ChessBase"]
[SourceDate "2023.11.30"]
[SourceVersion "1"]
[SourceVersionDate "2023.11.30"]
[SourceQuality "1"]

1. e4 e6 2. d4 d5 3. Nd2 c5 4. exd5 Qxd5 5. dxc5 Bxc5 6. Ngf3 Nf6 7. Bc4 Qc6 8. Qe2 0-0 9. Nb3 b6 10. Nxc5 Qxc5 11. Be3 Qc7 12. 0-0-0 Bb7 13. Bd4 Nc6 14. Bc3 Qf4+ 15. Bd2 Qc7 16. Kb1 Ne7 17. Bd3 Ned5 18. Ne5 a5 19. a3 Rfc8 20. Rhg1 b5 21. g4 b4 22. a4 Ba6 23. Bc1 Bxd3 24. Rxd3 Nc3+ 25. bxc3 Nd5 26. Rxd5 exd5 27. cxb4 Re8 28. Bb2 f6 29. b5 fxe5 30. Rd1 d4 31. Qd3 Rad8 32. f3 Kh8 33. Rc1 Qf7 34. c4 dxc3 35. Qxc3 h6 36. Re1 Rc8 37. Qd3 Red8 38. Qe3 Rc4 39. Qxe5 Rxa4 40. Qe6 Qxe6 41. Rxe6 Rb4 42. Rxh6+ Kg8 43. Rc6 Rd2 44. Rc2 Rxc2 45. Kxc2 Rxb5 46. f4 a4 47. h4 Rb4 48. Be5 a3 49. h5 a2 0-1

[Event "GER-ch Net Amateur Gr-B Vor2"]
[Site "Playchess.com INT"]
[Date "2020.04.15"]
[Round "8"]
[White "Barskij, Alexander"]
[Black "Kanbach, Mike"]
[Result "1-0"]
[WhiteElo "1541"]
[BlackElo "1494"]
[PlyCount "63"]
[EventDate "2020.04.15"]
[EventType "swiss (blitz)"]
[EventRounds "9"]
[EventCountry "GER"]
[SourceTitle "CBM 196 Extra"]
[Source "ChessBase"]
[SourceDate "2020.07.31"]
[SourceVersion "1"]
[SourceVersionDate "2020.07.31"]
[SourceQuality "1"]

1. e4 e6 2. d4 d5 3. Nd2 Nc6 4. c3 e5 5. exd5 Qxd5 6. dxe5 Nxe5 7. Ngf3 Nd3+ 8. Bxd3 Qxd3 9. Qe2+ Qxe2+ 10. Kxe2 Be6 11. Re1 Nf6 12. Nd4 Bd6 13. Nxe6 fxe6 14. Kf1 Kf7 15. Nf3 h6 16. Be3 Rhe8 17. Bd4 Rad8 18. Ne5+ Bxe5 19. Bxe5 c6 20. Rad1 Rd5 21. c4 Rdd8 22. f3 Nd7 23. Bc7 Ke7 24. Bxd8+ Rxd8 25. Rd2 Rf8 26. Red1 Nb6 27. b3 g6 28. a4 a5 29. Re1 Rf6 30. Re5 Rf5 31. Rde2 Kd6 32. Rxe6+ 1-0

[Event "GER-ch Net Amateur Gr-B Vor2"]
[Site "Playchess.com INT"]
[Date "2020.04.15"]
[Round "2"]
[White "Barskij, Alexander"]
[Black "Schaper, Jan Erik"]
[Result "1-0"]
[WhiteElo "1570"]
[BlackElo "1704"]
[PlyCount "105"]
[EventDate "2020.04.15"]
[EventType "swiss (blitz)"]
[EventRounds "9"]
[EventCountry "GER"]
[SourceTitle "CBM 196 Extra"]
[Source "ChessBase"]
[SourceDate "2020.07.31"]
[SourceVersion "1"]
[SourceVersionDate "2020.07.31"]
[SourceQuality "1"]

1. e4 d6 2. d4 Nf6 3. Nc3 g6 4. Bg5 Bg7 5. Qd2 c6 6. 0-0-0 b5 7. f3 Qa5 8. Kb1 Nbd7 9. Bh6 Bxh6 10. Qxh6 b4 11. Nce2 c5 12. Nc1 Qb6 13. Nge2 a5 14. dxc5 Qxc5 15. Nd4 Ne5 16. Bb5+ Bd7 17. Bxd7+ Nexd7 18. Rhe1 Rc8 19. h4 e5 20. Ncb3 Qc7 21. Nb5 Qxc2+ 22. Ka1 Qc6 23. Nxd6+ Ke7 24. Nxc8+ Rxc8 25. Rc1 Qb7 26. Rxc8 Qxc8 27. Rc1 Qa6 28. Qe3 a4 29. Nc5 Qc6 30. Nxd7 Qxd7 31. Qc5+ Ke8 32. Qc4 Qe7 33. Qc8+ Qd8 34. Qxd8+ Kxd8 35. Rc4 Nh5 36. Rxb4 Nf4 37. g3 Ng2 38. Rxa4 Ne3 39. b3 Ke7 40. Ra7+ Kf6 41. Ra6+ Kg7 42. Kb2 Nd1+ 43. Ka3 Nc3 44. Rb6 Ne2 45. b4 Nd4 46. b5 Ne6 47. Rb8 Nc7 48. b6 Na6 49. Rd8 Nc5 50. Rc8 Nb7 51. Rc7 Nd8 52. b7 Ne6 53. b8Q 1-0

[Event "GER-ch Net Amateur Gr-A Vor1"]
[Site "Playchess.com INT"]
[Date "2020.04.14"]
[Round "8"]
[White "Barskij, Alexander"]
[Black "Wehrle, Uwe"]
[Result "0-1"]
[WhiteElo "1579"]
[BlackElo "1811"]
[PlyCount "68"]
[EventDate "2020.04.14"]
[EventType "swiss (blitz)"]
[EventRounds "9"]
[EventCountry "GER"]
[SourceTitle "EXT 2021"]
[Source "ChessBase"]
[SourceDate "2020.10.23"]
[SourceVersion "1"]
[SourceVersionDate "2020.10.23"]
[SourceQuality "1"]

1. e4 c6 2. d4 d5 3. Nc3 dxe4 4. Nxe4 Bf5 5. Ng3 Bg6 6. Nh3 e6 7. Nf4 Bd6 8. c3 Nf6 9. h4 Qc7 10. Qf3 Nbd7 11. h5 Bc2 12. Bc4 0-0-0 13. Nge2 Be4 14. Qe3 h6 15. f3 Bd5 16. Bd3 Rde8 17. c4 b6 18. cxd5 exd5 19. Qd2 c5 20. Kf2 c4 21. Bc2 b5 22. b3 Qb6 23. bxc4 dxc4 24. a4 b4 25. Be4 Nxe4+ 26. fxe4 Rxe4 27. Nd5 Qc6 28. Nef4 Bxf4 29. Nxf4 Nf6 30. d5 Qc5+ 31. Kf3 Rhe8 32. Qf2 Rxf4+ 33. Kxf4 Qxd5 34. Kg3 Ne4+ 0-1

[Event "GER-ch Net blitz qual3"]
[Site "Playchess.com INT"]
[Date "2020.03.21"]
[Round "6"]
[White "Barskij, Alexander"]
[Black "Eckert, David"]
[Result "0-1"]
[WhiteElo "1887"]
[BlackElo "1746"]
[PlyCount "112"]
[EventDate "2020.03.21"]
[EventType "swiss (blitz)"]
[EventRounds "9"]
[EventCountry "GER"]
[SourceTitle "CBM 195 Extra"]
[Source "ChessBase"]
[SourceDate "2020.05.31"]
[SourceVersion "1"]
[SourceVersionDate "2020.05.31"]
[SourceQuality "1"]

1. e4 c6 2. d4 d5 3. Nc3 dxe4 4. Nxe4 Nd7 5. Bc4 e6 6. Nf3 Ngf6 7. Ng3 Nb6 8. Bb3 Be7 9. 0-0 0-0 10. Ne5 c5 11. dxc5 Bxc5 12. Bg5 h6 13. Qxd8 Rxd8 14. Bxf6 gxf6 15. Nd3 Be7 16. Rad1 Bd7 17. c3 Bb5 18. c4 Nxc4 19. a4 Ba6 20. Nf4 Nxb2 21. Rxd8+ Rxd8 22. Rb1 Nd3 23. Nfh5 Ne5 24. f4 Nd3 25. f5 e5 26. Ne4 Nc5 27. Nexf6+ Bxf6 28. Nxf6+ Kg7 29. Nh5+ Kf8 30. f6 Nxb3 31. Rxb3 Kg8 32. Rg3+ Kf8 33. Ng7 Rd6 34. Nh5 Be2 35. Rh3 Bxh5 36. Rxh5 Rxf6 37. Rxe5 Re6 38. Rb5 b6 39. a5 Ke7 40. axb6 Rxb6 41. Ra5 a6 42. Kf2 Kd6 43. Ke3 Kc6 44. Rf5 a5 45. Rxf7 Ra6 46. Rf2 a4 47. Ra2 a3 48. g4 Kd5 49. Kf4 Kc4 50. h4 Kb3 51. Rg2 a2 52. Rg3+ Kc2 53. Rg2+ Kd3 54. Rg3+ Ke2 55. Rg2+ Kf1 56. Kg3 a1Q 0-1

[Event "GER-ch Net blitz qual2"]
[Site "Playchess.com INT"]
[Date "2020.03.16"]
[Round "5"]
[White "Barskij, Alexander"]
[Black "Buessing, Olaf"]
[Result "1-0"]
[WhiteElo "1887"]
[BlackElo "1743"]
[PlyCount "115"]
[EventDate "2020.03.16"]
[EventType "swiss (blitz)"]
[EventRounds "9"]
[EventCountry "GER"]
[SourceTitle "CBM 195 Extra"]
[Source "ChessBase"]
[SourceDate "2020.05.31"]
[SourceVersion "1"]
[SourceVersionDate "2020.05.31"]
[SourceQuality "1"]

1. e4 c5 2. Nc3 d6 3. g3 Nc6 4. Bg2 g6 5. d3 Bg7 6. f4 Nf6 7. Nf3 0-0 8. 0-0 Be6 9. h3 Qc8 10. Kh2 a6 11. Be3 b5 12. Qd2 b4 13. Nd1 a5 14. Nf2 a4 15. g4 Qc7 16. f5 Bd7 17. Bf4 Rfb8 18. Rae1 Ne5 19. Nxe5 dxe5 20. Bg3 Bc6 21. Nd1 b3 22. cxb3 axb3 23. a3 c4 24. dxc4 Ra4 25. Nc3 Rxc4 26. Rd1 Rd4 27. Qe3 Nd7 28. Qxd4 exd4 29. Bxc7 dxc3 30. Bxb8 Nxb8 31. Rd8+ Bf8 32. Rxb8 cxb2 33. Rb1 Kg7 34. Rxb2 e6 35. Rxf8 Kxf8 36. Rxb3 exf5 37. exf5 Bd7 38. fxg6 hxg6 39. Rd3 Be6 40. Bd5 Bd7 41. Bb3 Bb5 42. Rd4 Ke7 43. a4 Be2 44. Rb4 Bf3 45. a5 Kd6 46. a6 Kc5 47. Rc4+ Kb5 48. Rc7 Kxa6 49. Rxf7 Be2 50. Rf2 Bd3 51. Bc2 Bc4 52. Bxg6 Kb6 53. h4 Kc5 54. h5 Kd4 55. h6 Ke3 56. Rf6 Kd4 57. h7 Ke5 58. h8Q 1-0

[Event "GER-ch Net blitz qual2"]
[Site "Playchess.com INT"]
[Date "2020.03.16"]
[Round "3"]
[White "Weidenhoefer, Ben"]
[Black "Barskij, Alexander"]
[Result "0-1"]
[WhiteElo "1620"]
[BlackElo "1887"]
[PlyCount "106"]
[EventDate "2020.03.16"]
[EventType "swiss (blitz)"]
[EventRounds "9"]
[EventCountry "GER"]
[SourceTitle "CBM 195 Extra"]
[Source "ChessBase"]
[SourceDate "2020.05.31"]
[SourceVersion "1"]
[SourceVersionDate "2020.05.31"]
[SourceQuality "1"]

1. d4 Nf6 2. Nf3 g6 3. Be3 Bg7 4. Bf4 0-0 5. e4 Nxe4 6. Be2 d6 7. Kf1 Nd7 8. Kg1 e5 9. Kf1 exf4 10. Kg1 d5 11. Nbd2 Nxd2 12. Qxd2 Nf6 13. Qxf4 Qd6 14. Qxd6 cxd6 15. Ng5 Bf5 16. c3 Ne4 17. Nxe4 Bxe4 18. Re1 Rfe8 19. Bb5 Rec8 20. f3 Bf5 21. g3 a6 22. Ba4 Bf8 23. g4 Bd3 24. Bb3 Bc4 25. Bxc4 dxc4 26. b3 cxb3 27. axb3 Rxc3 28. Rf1 Rxb3 29. d5 Rb2 30. Rf2 Bg7 31. Rxb2 Bxb2 32. Kg2 a5 33. Rb1 Bg7 34. Rxb7 a4 35. Rb1 a3 36. Rc1 a2 37. f4 a1Q 38. Rxa1 Rxa1 39. Kh3 Rd1 40. f5 Be5 41. fxg6 fxg6 42. Kh4 Kg7 43. g5 Rd2 44. h3 h6 45. gxh6+ Kxh6 46. Kg4 Rf2 47. Kh4 g5+ 48. Kg4 Rf4+ 49. Kg3 Kh5 50. Kg2 Kh4 51. Kh2 Rf3+ 52. Kg1 Kg3 53. Kh1 Rf1# 0-1

[Event "Dortmund Sparkassen op 47th"]
[Site "Dortmund"]
[Date "2019.07.18"]
[Round "6"]
[White "Barskij, Alexander"]
[Black "Yin, Haode"]
[Result "1/2-1/2"]
[WhiteElo "1941"]
[BlackElo "1652"]
[PlyCount "94"]
[EventDate "2019.07.13"]
[EventType "swiss"]
[EventRounds "9"]
[EventCountry "GER"]
[SourceTitle "EXT 2020"]
[Source "ChessBase"]
[SourceDate "2019.10.17"]
[SourceVersion "1"]
[SourceVersionDate "2019.10.17"]
[SourceQuality "1"]

1. e4 e6 2. d4 d5 3. Nd2 dxe4 4. Nxe4 Bd7 5. Nf3 Bc6 6. Bd3 Nd7 7. 0-0 Be7 8. Re1 Ngf6 9. Ng3 Bxf3 10. Qxf3 c6 11. c3 0-0 12. Bd2 Re8 13. Rad1 Qc7 14. Ne4 Nxe4 15. Qxe4 Nf6 16. Qh4 g6 17. Bf4 Nd5 18. Bxc7 Bxh4 19. Be5 Be7 20. Bb1 Bf8 21. c4 Nb6 22. b3 Rad8 23. Bc7 Rd7 24. Bxb6 axb6 25. Rd3 Red8 26. Red1 Bg7 27. d5 exd5 28. cxd5 Rxd5 29. Rxd5 Rxd5 30. Rxd5 cxd5 31. Kf1 Kf8 32. Ke2 Ke7 33. Kd3 Kd6 34. Bc2 Kc5 35. a3 Bb2 36. b4+ Kc6 37. a4 b5 38. axb5+ Kxb5 39. Bb3 Kc6 40. Ba4+ b5 41. Bb3 f6 42. f4 Bc1 43. g3 Ba3 44. Kd4 Bxb4 45. Bxd5+ Kd6 46. Bg8 h6 47. Bf7 g5 1/2-1/2

[Event "Dortmund Sparkassen op 47th"]
[Site "Dortmund"]
[Date "2019.07.16"]
[Round "4"]
[White "Barskij, Alexander"]
[Black "Manthei, Michael"]
[Result "1-0"]
[WhiteElo "1941"]
[BlackElo "1935"]
[PlyCount "45"]
[EventDate "2019.07.13"]
[EventType "swiss"]
[EventRounds "9"]
[EventCountry "GER"]
[SourceTitle "EXT 2020"]
[Source "ChessBase"]
[SourceDate "2019.10.17"]
[SourceVersion "1"]
[SourceVersionDate "2019.10.17"]
[SourceQuality "1"]

1. e4 c5 2. Nc3 Nc6 3. Bb5 g6 4. Bxc6 dxc6 5. f4 Bg7 6. Nf3 b5 7. d3 b4 8. Ne2 a5 9. 0-0 Ba6 10. Rb1 c4 11. d4 Nf6 12. Ng3 0-0 13. c3 h5 14. Qe2 Qb6 15. Bd2 Rfb8 16. Kh1 Rb7 17. f5 bxc3 18. Bxc3 Bh6 19. fxg6 fxg6 20. Nh4 Kh7 21. e5 Nd5 22. Qe4 Rg8 23. Rf7+ 1-0

[Event "Ruhrgebiet Verbandsklasse Gruppe 3 1819"]
[Site "Nordrheinwestfalen"]
[Date "2019.03.24"]
[Round "8.1"]
[White "Barskij, Alexander"]
[Black "Sinnwell, Horst"]
[Result "1/2-1/2"]
[WhiteElo "1914"]
[BlackElo "2037"]
[PlyCount "35"]
[EventDate "2018.09.23"]
[EventType "team-tourn"]
[EventRounds "9"]
[EventCountry "GER"]
[SourceTitle "EXT 2022"]
[Source "ChessBase"]
[SourceDate "2021.10.06"]
[SourceVersion "1"]
[SourceVersionDate "2021.10.06"]
[SourceQuality "1"]
[WhiteTeam "Unna SV"]
[BlackTeam "Kirchhellen SF"]
[WhiteTeamCountry "GER"]
[BlackTeamCountry "GER"]

1. e4 e6 2. d4 d5 3. Nd2 dxe4 4. Nxe4 Nd7 5. Nf3 Ngf6 6. Nxf6+ Nxf6 7. c3 Be7 8. Bd3 0-0 9. Bf4 c5 10. Qe2 cxd4 11. Nxd4 Qd5 12. 0-0 Bd7 13. Be5 Bc6 14. Nxc6 Qxc6 15. Bb5 Qb6 16. Rad1 a6 17. Bd3 Rad8 18. Qc2 1/2-1/2

[Event "Ruhrgebiet Verbandsklasse Gruppe 3 1819"]
[Site "Nordrheinwestfalen"]
[Date "2019.01.20"]
[Round "5.1"]
[White "Gasper, Joern"]
[Black "Barskij, Alexander"]
[Result "1/2-1/2"]
[WhiteElo "2033"]
[BlackElo "1914"]
[PlyCount "140"]
[EventDate "2018.09.23"]
[EventType "team-tourn"]
[EventRounds "9"]
[EventCountry "GER"]
[SourceTitle "EXT 2022"]
[Source "ChessBase"]
[SourceDate "2021.10.06"]
[SourceVersion "1"]
[SourceVersionDate "2021.10.06"]
[SourceQuality "1"]
[WhiteTeam "Waltrop SV"]
[BlackTeam "Unna SV"]
[WhiteTeamCountry "GER"]
[BlackTeamCountry "GER"]

1. e4 c5 2. Nf3 Nc6 3. c3 d5 4. exd5 Qxd5 5. d4 Bf5 6. Be3 cxd4 7. Nxd4 Nxd4 8. cxd4 Nf6 9. Nc3 Qa5 10. Qb3 0-0-0 11. Qc4+ Qc7 12. Qa4 a6 13. Rc1 Kb8 14. d5 e5 15. Nb5 Qd7 16. Ba7+ Ka8 17. Bb6 Rc8 18. Rxc8+ Qxc8 19. Nc7+ Kb8 20. Bc4 Bd6 21. Nb5 Bc5 22. Bc7+ Ka8 23. Qa5 Bd7 24. b4 Bxb5 25. Bxb5 Bxb4+ 26. Qxb4 Qxc7 27. Be2 Qc1+ 28. Bd1 Nxd5 29. Qb3 Qc3+ 30. Qxc3 Nxc3 31. Bb3 f6 32. Kd2 Ne4+ 33. Ke3 Nc5 34. Rd1 Kb8 35. Bc2 Kc7 36. h4 h6 37. Kf3 Ne6 38. Kg4 h5+ 39. Kg3 Nd4 40. Bg6 Rh6 41. Be4 f5 42. Bb1 f4+ 43. Kh3 Rb6 44. g3 f3 45. g4 Rb2 46. Rf1 Kd6 47. gxh5 Kd5 48. Kg4 e4 49. Kg5 Ke5 50. h6 gxh6+ 51. Kxh6 Rb6+ 52. Kg5 Ne6+ 53. Kg4 Nf4 54. h5 Nd5 55. Kg5 Rf6 56. Bxe4 Kxe4 57. Re1+ Kd3 58. Rd1+ Ke2 59. Rxd5 Rf8 60. h6 Kxf2 61. h7 Kg2 62. Kg6 f2 63. Rg5+ Kf3 64. Kg7 f1Q 65. Kxf8 Ke4+ 66. Kg7 Qa1+ 67. Kh6 Qf6+ 68. Rg6 Qf8+ 69. Kg5 Qf4+ 70. Kh5 Qf5+ 1/2-1/2

[Event "Ruhrgebiet Verbandsklasse Gruppe 3 1819"]
[Site "Nordrheinwestfalen"]
[Date "2018.12.02"]
[Round "4.1"]
[White "Barskij, Alexander"]
[Black "Oltmanns, Jan"]
[Result "1/2-1/2"]
[WhiteElo "1912"]
[BlackElo "1910"]
[PlyCount "77"]
[EventDate "2018.09.23"]
[EventType "team-tourn"]
[EventRounds "9"]
[EventCountry "GER"]
[SourceTitle "EXT 2022"]
[Source "ChessBase"]
[SourceDate "2021.10.06"]
[SourceVersion "1"]
[SourceVersionDate "2021.10.06"]
[SourceQuality "1"]
[WhiteTeam "Unna SV"]
[BlackTeam "Muelheim Nord IV"]
[WhiteTeamCountry "GER"]
[BlackTeamCountry "GER"]

1. e4 Nf6 2. e5 Nd5 3. d4 d6 4. c4 Nb6 5. exd6 exd6 6. Nc3 Nc6 7. h3 Bf5 8. Be3 Be7 9. Nf3 0-0 10. b3 a5 11. Bd3 Bxd3 12. Qxd3 Bf6 13. Ne4 d5 14. Nxf6+ Qxf6 15. c5 Nd7 16. 0-0 Nb4 17. Qd2 Qg6 18. Bf4 c6 19. Ne5 Nxe5 20. Bxe5 f6 21. Bc7 Qc2 22. Rfd1 Rfe8 23. Qxc2 Nxc2 24. Rac1 Na3 25. Re1 Rxe1+ 26. Rxe1 Kf7 27. Bd6 Re8 28. Rxe8 Kxe8 29. Bc7 a4 30. Bf4 Nc2 31. Be3 axb3 32. axb3 Na1 33. Kf1 Nxb3 34. Ke2 Kd7 35. Kd3 Ke6 36. g4 g6 37. Bf4 h5 38. Bc7 Nc1+ 39. Kd2 1/2-1/2

[Event "Berlin Lichtenberger op 17th"]
[Site "Berlin"]
[Date "2018.08.21"]
[Round "4"]
[White "Barskij, Alexander"]
[Black "Albert, Joerg"]
[Result "1/2-1/2"]
[WhiteElo "1890"]
[BlackElo "2141"]
[PlyCount "29"]
[EventDate "2018.08.18"]
[EventType "swiss"]
[EventRounds "9"]
[EventCountry "GER"]
[SourceTitle "CBM 186 Extra"]
[Source "ChessBase"]
[SourceDate "2018.08.24"]
[SourceVersion "1"]
[SourceVersionDate "2018.08.24"]
[SourceQuality "1"]

1. e4 c6 2. d4 d5 3. Nc3 dxe4 4. Nxe4 Nf6 5. Nxf6+ exf6 6. c3 Bd6 7. Bd3 Be6 8. Nf3 Nd7 9. 0-0 Qc7 10. Re1 0-0 11. Qc2 g6 12. Bxg6 hxg6 13. Rxe6 fxe6 14. Qxg6+ Kh8 15. Qh6+ 1/2-1/2

[Event "Berlin Lichtenberger op 17th"]
[Site "Berlin"]
[Date "2018.08.20"]
[Round "3"]
[White "Daverkausen, Bernd"]
[Black "Barskij, Alexander"]
[Result "1-0"]
[WhiteElo "2132"]
[BlackElo "1890"]
[PlyCount "65"]
[EventDate "2018.08.18"]
[EventType "swiss"]
[EventRounds "9"]
[EventCountry "GER"]
[SourceTitle "CBM 186 Extra"]
[Source "ChessBase"]
[SourceDate "2018.08.24"]
[SourceVersion "1"]
[SourceVersionDate "2018.08.24"]
[SourceQuality "1"]

1. c4 e5 2. Nc3 Nf6 3. Nf3 Nc6 4. e3 d5 5. cxd5 Nxd5 6. Bb5 Nxc3 7. bxc3 Bd6 8. d4 exd4 9. cxd4 0-0 10. 0-0 Bf5 11. Bb2 Nb4 12. Qb3 c6 13. Be2 a5 14. a3 a4 15. Qc3 Nd5 16. Qc1 Re8 17. Ne5 Qh4 18. g3 Qh3 19. Bf3 f6 20. Bg2 Qh6 21. Nc4 Bc7 22. Nd2 Ba5 23. Nc4 Bd3 24. Rd1 Be2 25. Nxa5 Bxd1 26. Nxb7 Bb3 27. Nd6 Red8 28. Qxc6 Ne7 29. Qc7 Kf8 30. Bxa8 Rxa8 31. Bc3 f5 32. Bb4 Qf6 33. Nc8 1-0

[Event "NRW Verbandsliga Group2 1314"]
[Site "Nordrheinwestfalen"]
[Date "2013.11.03"]
[Round "3.4"]
[White "Thanabalasingam, Ajandhan"]
[Black "Barskij, Alexander"]
[Result "1-0"]
[WhiteElo "1932"]
[BlackElo "1825"]
[PlyCount "51"]
[EventDate "2013.09.08"]
[EventType "team-tourn"]
[EventRounds "9"]
[EventCountry "GER"]
[SourceTitle "EXT 2020"]
[Source "ChessBase"]
[SourceDate "2019.10.17"]
[SourceVersion "1"]
[SourceVersionDate "2019.10.17"]
[SourceQuality "1"]
[WhiteTeam "Bochum SG III"]
[BlackTeam "Brackel SF II"]
[WhiteTeamCountry "GER"]
[BlackTeamCountry "GER"]

1. e4 c5 2. Nf3 d6 3. d4 cxd4 4. Nxd4 Nf6 5. Nc3 Nc6 6. f3 e6 7. Be3 Be7 8. Qd2 0-0 9. g4 d5 10. g5 Nd7 11. exd5 Nxd4 12. Qxd4 Bc5 13. Qd2 Bxe3 14. Qxe3 exd5 15. 0-0-0 Nb6 16. h4 Be6 17. h5 Qd7 18. Bb5 Qc7 19. g6 a6 20. h6 hxg6 21. hxg7 Kxg7 22. Qd4+ f6 23. Qe3 Bg8 24. Qh6+ Kf7 25. Bd3 f5 26. Qh7+ 1-0

[Event "NRW Verbandsliga Group2 1314"]
[Site "Nordrheinwestfalen"]
[Date "2013.10.13"]
[Round "2"]
[White "Barskij, Alexander"]
[Black "Klueting, Reiner"]
[Result "1/2-1/2"]
[WhiteElo "1825"]
[BlackElo "1918"]
[PlyCount "32"]
[EventDate "2013.09.08"]
[EventType "team-tourn"]
[EventRounds "9"]
[EventCountry "GER"]
[SourceTitle "EXT 2020"]
[Source "ChessBase"]
[SourceDate "2019.10.17"]
[SourceVersion "1"]
[SourceVersionDate "2019.10.17"]
[SourceQuality "1"]
[WhiteTeam "Brackel SF II"]
[BlackTeam "Wattenscheid SV IV"]
[WhiteTeamCountry "GER"]
[BlackTeamCountry "GER"]

1. e4 Nf6 2. e5 Nd5 3. d4 d6 4. c4 Nb6 5. exd6 exd6 6. Be3 g6 7. Nf3 Bg7 8. Bg5 f6 9. Be3 Be6 10. Nc3 0-0 11. d5 Bf7 12. Be2 N8d7 13. 0-0 Ne5 14. Qb3 c6 15. Rfd1 g5 16. Nxe5 fxe5 1/2-1/2

[Event "Ruhrgebiet Verbandsliga2 1213"]
[Site "Nordrheinwestfalen"]
[Date "2013.02.03"]
[Round "6.4"]
[White "Lange, Andreas"]
[Black "Barskij, Alexander"]
[Result "1-0"]
[WhiteElo "2061"]
[BlackElo "1833"]
[PlyCount "92"]
[EventDate "2012.09.02"]
[EventType "team-tourn"]
[EventRounds "9"]
[EventCountry "GER"]
[SourceTitle "EXT 2020"]
[Source "ChessBase"]
[SourceDate "2019.10.17"]
[SourceVersion "1"]
[SourceVersionDate "2019.10.17"]
[SourceQuality "1"]
[WhiteTeam "Doppelbauer Brambauer"]
[BlackTeam "Brackel SF II"]
[WhiteTeamCountry "GER"]
[BlackTeamCountry "GER"]

1. g3 Nf6 2. Bg2 d5 3. c4 g6 4. cxd5 Nxd5 5. Nc3 Nb6 6. d3 Bg7 7. Be3 Nc6 8. Nf3 0-0 9. Rc1 e5 10. 0-0 Nd4 11. Ne4 Bg4 12. Bxd4 exd4 13. Nc5 Rb8 14. Nd2 c6 15. h3 Bc8 16. a4 a5 17. Re1 Nd7 18. Ncb3 Ra8 19. Nc4 Ne5 20. Nc5 Nxc4 21. Rxc4 Qb6 22. Qd2 Re8 23. Rb1 Re5 24. Qc2 Be6 25. Nxe6 Rxe6 26. b4 axb4 27. Rcxb4 Qa6 28. Rxb7 Qxa4 29. Rb8+ Bf8 30. Qc5 Re8 31. Rxa8 Rxa8 32. Qxc6 Qxc6 33. Bxc6 Ra2 34. Kf1 Rc2 35. Bd5 Rc5 36. Bc4 Rc7 37. e4 dxe3 38. fxe3 Bh6 39. Kf2 Re7 40. Re1 Bf8 41. Kf3 h5 42. d4 Rd7 43. Rb1 Kg7 44. Rb5 Kf6 45. Bd5 Bd6 46. e4 Bb8 1-0